Military Communications and Information Systems Conference MCC 2009 CIS Technologies Supporting Military Transformation : Prague, Czech Republic, September 29 - 30, 2009 /

Další autoři: Military Communications and Information Systems Conference, Jirsa, Milan, Hrůza, Petr, 1969-
Jazyk: Angličtina
Čeština
Vydáno: Brno : University of Defence, 2009
Témata:
Fyzický popis: 1 CD-ROM : barev. ; 12 cm
Language note: Část. český text
Elektronické zdroje
Uloženo v:
LEADER 01962nmm a2200481 a 4500
001 001080320
003 CZ BrMZK
005 20150209153739.0
006 m d
007 co cgu
008 091217s2009 xr e s 000 0 eng d
020 |a 978-80-7231-678-6  |q (CDR) 
040 |a BOA001  |b cze 
041 0 |a eng  |a cze 
072 7 |a 355/359  |x Vojenství. Obrana země. Ozbrojené síly  |2 Konspekt  |9 15 
080 |a 355/359  |2 MRF 
080 |a 621.39  |2 MRF 
080 |a 654  |2 MRF 
080 |a 007+004  |2 MRF 
080 |a (062.534)  |2 MRF 
080 |a (0.034.44)  |2 MRF 
111 2 |a Military Communications and Information Systems Conference  |d (2009 :  |c Praha, Česko)  |7 mzk2009508204 
245 1 0 |a Military Communications and Information Systems Conference MCC 2009  |h [elektronický zdroj] :  |b CIS Technologies Supporting Military Transformation : Prague, Czech Republic, September 29 - 30, 2009 /  |c editors Milan Jirsa, Petr Hruza 
246 3 0 |a MCC 2009 
246 3 0 |a CIS Technologies Supporting Military Transformation 
256 |a Data (28,5 MB) 
260 |a Brno :  |b University of Defence,  |c 2009 
300 |a 1 CD-ROM :  |b barev. ;  |c 12 cm 
500 |a Název z disku 
538 |a Požadavky na systém: prohlížeč Internetu 
546 |a Část. český text 
650 0 7 |a vojenství  |7 ph127210  |2 czenas 
650 0 7 |a komunikační systémy  |7 ph114957  |2 czenas 
650 0 7 |a informační systémy  |7 ph114774  |2 czenas 
655 7 |a sborníky konferencí  |7 fd133333  |2 czenas 
655 7 |a CD-ROM  |7 fd133955  |2 czenas 
700 1 |a Jirsa, Milan  |7 mzk2007394961  |4 edt 
700 1 |a Hrůza, Petr,  |d 1969-  |7 xx0044730  |4 edt 
910 |a BOA001  |b CDR-1233.566 
990 |a CF 
991 |b 201002 
996 3 |b 2610377903  |c CDR-1233.566  |l Stud. periodik/2.patro  |r Sklad / do 1 hodiny  |n 0  |p p.v.  |w 001102444  |u 000010  |a 1  |e BOA001  |j MZK50  |s N 
996 3 |b 2610377904  |c CDR-1233.566  |l Stud. periodik/2.patro  |r Sklad / do 1 hodiny  |n 0  |p p.v.  |w 001102444  |u 000020  |a 1  |e BOA001  |j MZK50  |s N